000 00375nam a2200157Ia 4500
008 210210b1947 xxu||||| |||| 00| 0 eng d
041 _aeng
082 _a828/219
100 _aEVANS (J)
245 _aUnselfish Egoist
260 _aLondon
_bLongmans Green and Company Limited
_c1947
650 _aUnselfish
650 _aEgoist
690 _aBiography
906 _a016065
999 _c135455
_d135455